000 00566nam a2200229Ia 4500
003 OSt
005 20220924151123.0
006 a|||||r|||| 00| 0
007 ta
008 220923b |||||||| |||| 00| 0 tel d
024 _a336176
037 _cTextual
040 _aARTS
_cARTS
_btel
041 _2tel
_atel
082 _aNR, 35N8
100 _aRao Akondy Srinivasa
_9223596
245 0 _aVarsha sangeetham
260 _c1998
650 _aMUSIC
_917402
942 _hNR, 35N8
_cTEXL
_2CC
999 _c465580
_d465580